000 00453nam a2200181Ia 4500
008 240925s9999 xx 000 0 und d
020 _a71002774
082 _a629.83 RAV
100 _aRaven, Francis .H
245 0 _aAutomatic Control Engineering
250 _a4th
260 _aLake Forest:
_bMc Graw-Hill
_c,1987.
300 _axxv,789p.
_bNA
_fOriginal
500 _aNA
600 _aEngineering Technology
650 _aTechnology
942 _cBK
999 _c6054
_d6054